000 00380 a2200157 4500
001 70658
020 _a8585642912
040 _cAnchieta - Itaigara
100 _aDumont, Virginie
240 1 0 _aQuestões de amor
_lpor
245 1 0 _aQuestões de amor
300 _a31
362 0 _a1998
650 4 _aBiologia, antropologia, etnologia, ciência da vida (naturais)
942 _cBK
999 _c70658
_d70658